Prázdniny na burze Záujem najmä o kovy, potraviny, drevo a chémiu

Poslanie a činnosť Bratislavskej medzinárodnej komoditnej burzy (BKMB). Komodity a stratégia BMKB.

Enregistré dans:
Détails bibliographiques
Auteur principal: Krejčí, Igor
Autres auteurs: Lomen, D.
Format: Chapitre de livre
Langue:slovaque
Sujets:
Tags: Ajouter un tag
Pas de tags, Soyez le premier à ajouter un tag!

MARC

LEADER 00000naa a2200000 4500
001 r000591
005 20221213122942.8
041 0 |a slo 
044 |a SK 
245 1 0 |a Prázdniny na burze  |b Záujem najmä o kovy, potraviny, drevo a chémiu  |c Igor Krejčí, D. Lomen 
520 |a Poslanie a činnosť Bratislavskej medzinárodnej komoditnej burzy (BKMB). Komodity a stratégia BMKB. 
610 2 0 |a Bratislavská medzinárodná komoditná burza 
610 2 0 |a burzy 
610 2 0 |a komodity 
610 2 0 |a kovy 
610 2 0 |a potraviny 
610 2 0 |a drevo 
610 2 0 |a chémia 
100 1 |a Krejčí, Igor 
700 1 |a Lomen, D.